Question |
Answer |
Wrong Answers |
What is the company what sponsors the 2Hype House and also has its name on their court? |
SeatGeek | | 98% |
Squarespace | | 0% |
Audible | | 0% |
Raid: Shadow Legends | | 0% |
|
What animal is Kristopher London known to resemble? |
Giraffe | | 97% |
Snake | | 0% |
Lion | | 0% |
Ostrich | | 1% |
|
Who's signature basketball move is the 'Spin Cycle' |
Mopi | | 97% |
Jesser | | 1% |
Lebron James | | 0% |
Michael Jordan | | 0% |
|
What is Jiedel's second channel called? |
JDL | | 93.9% |
JiedelPlays | | 2% |
James Riedel | | 0% |
He doesn't have a second channel | | 2% |
|
What is Kristopher London's second channel called? |
LSK | | 92.9% |
Giraffe Gang | | 1% |
LSKakarot | | 2% |
Kris London | | 2% |
|
What is Jesser's second channel called? |
JSR | | 92.9% |
JessertheLazer | | 5.1% |
Jesserv2 | | 0% |
JesserPlays | | 0% |
|
What is CashNasty's second channel called? |
CashNastyPlays | | 90.9% |
CashPlays | | 5.1% |
Chef O' Nasty | | 2% |
Ye | | 0% |
|
What is Jesser's merch brand called? |
BucketSquad | | 89.9% |
Ball Is Life | | 6.1% |
JessertheLazer | | 2% |
BallLikeIke | | 0% |
|
Who is the sixth man of 2Hype |
Moochie | | 84.8% |
Los Pollos | | 3% |
50Kal Mal | | 2% |
TD | | 8.1% |
|
Where did Jiedel go to college? |
Rutgers | | 82.8% |
UCLA | | 3% |
Buffalo | | 4% |
California | | 8.1% |
|
What is Jesser's go-to in-game celebration? |
Small, awkward hand claps | | 81.8% |
Bow and Arrow | | 14.1% |
3 to the dome | | 2% |
Airplane | | 0% |
|
What is Mopi's second channel called? |
MopiV2 | | 78.8% |
CommonMopi | | 17.2% |
Mopilopolis | | 2% |
Second Mopi | | 0% |
|
True or False: Mopi is the GOAT of 2Hype. |
True | | 77.8% |
|
What does 'ZackTTG' stand for? |
Zack The Travelling Gamer | | 77.8% |
Zack The 2K God | | 3% |
It doesn't stand for anything | | 3% |
Zack The Twitch Gamer | | 14.1% |
|
Who has the most subscribers in 2Hype? |
CashNasty | | 75.8% |
Jesser | | 19.2% |
Kristopher London | | 4% |
Mopi | | 1% |
|
List the members of 2Hype in order of tallest to shortest. |
Kris, Jesser, ZackTTG, Jiedel, CashNasty, Mopi | | 67.7% |
Kris, Jesser, Jiedel, ZackTTG, CashNasty, Mopi | | 23.2% |
Kris, ZackTTG, Jesser, CashNasty, Jiedel, Mopi | | 7.1% |
Mopi | | 2% |
|
What is the 2Hype channel's most viewed video? |
'INSANE 2HYPE Pool + Mini Hoop Dunk Contest!' | | 59.6% |
'2HYPE Eats 60,000 Calories in 24 HOURS Challenge' | | 14.1% |
'INSANE 2HYPE Mansion Mini-Golf TRICKSHOT BASKETBALL' | | 11.1% |
'CRAZY HIDE AND SEEK in $5 Million 2HYPE Mansion' | | 13.1% |
|
What is Kristopher London's most viewed video? |
'1v1 BASKETBALL vs. NBA SUPERSTAR JAMES HARDEN! NBA LIVE 18 SURPRISE!' | | 58.6% |
'SHAQ'S SON SHAREEF CALLS ME OUT TO 1v1 HIM! Faze House vs. 2K House?!' | | 18.2% |
'MY NBA DRAFT COMBINE DEBUT!' | | 10.1% |
'My Youtube Story | Kristopher London' | | 11.1% |
|
What is Jesser's most viewed video? |
'2HYPE OFFICIAL BASKETBALL GAME! I GOT MVP! TRIPLE DOUBLE??' | | 55.6% |
'1 V 1 BASKETBALL VS NBA SUPERSTAR JAMES HARDEN!' | | 26.3% |
'INSANE BASKETBALL MINI HOOP DUNK CONTEST!' | | 15.2% |
'CRAZY GAME OF HIDE AND SEEK IN SNOWY CABIN MANSION!!' | | 2% |
|
What is Mopi's most viewed video? |
'Most Humiliating Basketball Video on Youtube (Emotionally Dunked On)' | | 54.5% |
'2HYPE 2v2 MINI HOOP TOURNAMENT!!!' | | 8.1% |
'Saying yes to everything Jesser asks for a day...' | | 15.2% |
'What's better...being 5'6 or 7ft?' | | 20.2% |
|
List the members of 2Hype in order of oldest to youngest. |
ZackTTG, CashNasty, Kris, Jiedel, Jesser, Mopi | | 54.5% |
ZackTTg, CashNasty, Kris, Jiedel, Mopi, Jesser | | 25.3% |
ZackTTG, Kris, Jiedel, CashNasty, Jesser, Mopi | | 17.2% |
CashNasty, ZackTTG, Jiedel, Kris, Mopi, Jesser | | 1% |
|
How many subscribers does every member's main channel have combined (including the 2Hype channel)? |
12.386 Million | | 45.5% |
14.667 Million | | 27.3% |
9.428 Million | | 17.2% |
17.004 Million | | 8.1% |
|
What is ZackTTG's most viewed video? |
'BEST TRUE SHOOTER CHALLENGE!! (Shooting Under Pressure)' | | 43.4% |
'2HYPE GUESS THAT NBA PLAYER'S KIDS!!' | | 13.1% |
'SUPER HEAVY BASKETBALL KNOCKOUT CHALLENGE #2HYPE FT. NBA STAR DE'AARON FOX' | | 30.3% |
'Who Knows Me Best !! Girlfriend vs Best Friend' | | 11.1% |
|
What is CashNasty's most viewed video? |
'MOST OVERPOWERED SHOOTING CARD! DIAMOND STEPHEN CURRY! NBA 2k16 MyTeam Gameplay' | | 39.4% |
'I BROKE FLIGHTREACTS ANKLES! CROSSOVER OF THE YEAR! WHEN DEFENDING GOES WRONG' | | 34.3% |
'Who's The Best?! 1vs1 KING OF THE COURT BASKETBALL ft. 2HYPE! Ep. 1' | | 11.1% |
'ARE YOU A STEPHEN CURRY BANDWAGON QUIZ w/ FlightReacts!' | | 13.1% |
|
What is Jiedel's most viewed video? |
'NBA JUMPSHOT CHARADES' | | 30.3% |
'2HYPE CHOPPED CHALLENGE' | | 26.3% |
'2HYPE CHOPPED 3' | | 9.1% |
'CAN JESSER AND I REBUILD THE CLIPPERS!? NBA 2K18' | | 32.3% |
|
Comments